LEADER 01281nam0 22003253i 450 001 SUN0075444 005 20100512120000.0 100 $a20100512d1979 |0itac50 ba 101 $aita 102 $aIT 105 $a|||| ||||| 200 1 $aCodice di procedura penale e norme complementari$fa cura di Giovanni Conso 205 $a2. ed. ampliata ed aggiornata al 31 ottobre 1979 210 $aMilano$cGiuffrè$d1979 215 $a537 p.$d17 cm. - Fondo Tribunale. 606 $aCodice di procedura penale$2FI$3SUNC001944 620 $dMilano$3SUNL000284 676 $a345.5$v21 702 1$aConso$b, Giovanni$3SUNV001689 710 02$aItalia$3SUNV001942$0423419 712 $aGiuffrè$3SUNV001757$4650 791 02$aRepubblica italiana$zItalia$3SUNV057868 791 02$aRegno d'Italia <1861-1946>$zItalia$3SUNV057870 791 02$aItalia $zItalia$3SUNV057871 791 02$aItalia $zItalia$3SUNV057873 801 $aIT$bSOL$c20181231$gRICA 912 $aSUN0075444 950 $aUFFICIO DI BIBLIOTECA DEL DIPARTIMENTO DI GIURISPRUDENZA$d00CONS XVII.B.19 $e00FT 35888 20100512 996 $aCodice di procedura penale e norme complementari$9577971 997 $aUNICAMPANIA